000 01380nam a2200217Ia 4500
003 Ost
005 20260507075650.0
008 260507s9999||||xx |||||||||||||| ||und||
040 _cfsecg
041 _aara
082 _a658.401
100 _aالفضل، مؤيد
_eمؤلف
245 0 _aالأساليب الكمية في الإدارة /
_c مؤيد الفضل
260 _aعمان:
_bدار اليازوري العلمية للنشر والتوزيع,
_c2004
300 _a465 صفحة؛
_bإيضاحات ؛
_c24 سم
520 _aمفاهيم نظرية في الأساليب الكمية واتخاذ القرارات في منظمات الأعمال- اتخاذ القرارات في حالات البيئية المختلفة- استخدام نظريات وأساليب مختلفة في اتخاذ القرارات- النماذج الرياضية في الاساليب الكمية- البرمجة الخطية- نماذج مختلفة للبرمجة الخطية في اتخاذ القرارات الإدارية- أساليب البرمجية اللاخطية في اتخاذ القرارات الإدارية- نماذج النقل المفتوح ومتعدد المراحل- الحالات الخاصة بي نماذج النقل.
653 _aالإحصاء
653 _aالإدارة
653 _aالأساليب الكمية
942 _cكتاب
999 _c45586
_d45586